|
|
|
|
| LEADER |
00586cam a2200169 7i4500 |
| 001 |
0000001929 |
| 005 |
20110518090000.0 |
| 020 |
|
|
|a 967890795X (pbk.)
|
| 090 |
0 |
0 |
|a KNS3542
|b .S27 1996
|
| 100 |
1 |
|
|a Sarkar, A.K
|
| 245 |
1 |
0 |
|a Cases & materials on oral and documentary evidence :
|b (civil and criminal)
|c by A.K. Sarkar & S.K. Awasthi.
|
| 260 |
|
|
|a Kuala Lumpur:
|b International Law Book Services,
|c 1996.
|
| 300 |
|
|
|a viii, 796 p.;
|c 24 cm.
|
| 500 |
|
|
|a Includes index
|
| 650 |
0 |
0 |
|a Evidance (Law) --
|z India
|
| 700 |
1 |
|
|a Awasthi, S.K
|
| 999 |
|
|
|a 0000008203
|b BOK
|c ACTS
|e Ground Floor, Bestari Jaya
|